000 00692nam a2200289Ia 4500
005 20260324114903.0
008 008 260324s9999 xx 000 0 eng d
020 _a9781003121497
037 _aEBOOK
040 _aCRL
040 _beng
040 _cCRL
041 _2eng
041 _aeng
084 _qCRL
100 _aMax Bannah
_91152536
245 0 _aWharfie Animator
245 0 _bHarry Reade, The Sydney Waterfront, and the Cuban Revolution
260 _bTaylor and Francis
260 _c2020
365 _a
365 _b105
856 _uhttp://www.taylorfrancis.com/books/9781003121497
942 _cEBOOK
999 _c1743000
_d1743000